Rocconti Crudeli
保存先:
| 第一著者: | |
|---|---|
| フォーマット: | 図書 |
| 言語: | 言語不明 |
| 出版事項: |
Tascabili Economici Newton
|
| タグ: |
タグなし, このレコードへの初めてのタグを付けませんか!
|
MARC
| LEADER | 00000nam a2200000Ia 4500 | ||
|---|---|---|---|
| 001 | R-1001 | ||
| 003 | CODICE-MESSINA | ||
| 005 | 20260212102500.0 | ||
| 008 | 260211s9999 xx 000 0 und d | ||
| 040 | |c importazione_messina | ||
| 100 | |a Villiers De L'isle-Adam | ||
| 245 | 0 | |a Rocconti Crudeli | |
| 260 | |b Tascabili Economici Newton | ||
| 942 | |2 ddc |c BK | ||
| 952 | |0 0 |1 0 |2 ddc |4 0 |6 SCAFFALE_10_000000000000000__ROMANZI |7 0 |9 31830 |a ME |b ME |d 2026-02-11 |l 0 |o SCAFFALE 10 - ROMANZI |p R-1001 |r 2026-02-11 23:52:48 |w 2026-02-11 |x [REVISIONARE] |y BK | ||
| 999 | |c 27495 |d 27495 | ||